| 000 | 00405cam a2200169ua 4500 | ||
|---|---|---|---|
| 001 | 2288 | ||
| 008 | 131126n1985 II |||gr||||Z||||||eng | ||
| 040 | _aMAIN | ||
| 041 | _aEnglish | ||
| 082 | _a370.54 SAI | ||
| 100 | _aSAIKIA, SIDHESWAR. | ||
| 245 | _aHISTORY OF EDUCATION IN INDIA | ||
| 260 |
_aGUWAHATI _bMANI MANIK PRAKASH _c1985 |
||
| 300 |
_a249: _c21CM. |
||
| 653 | _aIndian Education | ||
| 942 | _cBK | ||
| 999 |
_c2282 _d2282 |
||